Vhodnosť pôdno-klimatických podmienok Slovenska pre konopu siatu

Bibliographic Details
Main Author: Pekárová, E. (Author)
Format: Article
Language:Slovak

MARC

LEADER 00000nab a2200000 a 4500
001 vtls010715751
003 SK-MaSNL
005 20260304185916.0
008 250709s2011 xo |||||||||||||||||slo|
035 |a (urnnbn)urn:nbn:sk:snk:ar-a04lkc 
035 |a (uuid)e07e9435-2f0e-401b-86a9-7721f426587c 
035 |a urn:nbn:sk:snk-ab3hwq 
040 |a SNKBUCL  |b slo  |c SNKBUCL  |e AACR2 
041 0 |a slo 
044 |a xo  |c SK 
100 1 |a Pekárová, E.  |4 aut  |9 984369 
245 1 0 |a Vhodnosť pôdno-klimatických podmienok Slovenska pre konopu siatu  |c E. Pekárová 
773 0 |t Naše pole : odborný mesačník pre pestovateľov rastlín  |g Roč. 15, č. 6 (2011), s. 28-[29] 
850 |a Slovenská národná knižnica 
852 |a Slovenská národná knižnica 
954 |a odborná, vedecká literatúra pôvodná (slovenská)  |2 lita 
958 |a article1 
958 |a OND 
958 |a EUIPO 
999 |c 3046925  |d 3048855